000 00291nam a22001337a 4500
008 170327b xxu||||| |||| 00| 0 eng d
020 _a9780137808267
041 _aeng
080 _a615.83
100 _a8
101 _aSHM
245 _aCAREER FITNESS PROGRAM
_cSUKIENNIK
942 _2udc
_cBK
999 _c8711
_d8711